| 000 | 01177nkm a22002297a 4500 | ||
|---|---|---|---|
| 001 | 85814 | ||
| 005 | 20260417140721.0 | ||
| 007 | kh boc | ||
| 008 | 260416s1900 sp ||||| |||| |0| i|spa d | ||
| 040 |
_aM-RABA _bspa _cM-RABA |
||
| 245 | 0 | 1 |
_a[Estatua clásica en Santiponce (Sevilla)] _h[Material gráfico] |
| 260 | _c[ca. 1900] | ||
| 300 |
_a1 fotografía _b: albúmina _c; imagen 17 x 12 cm _c; soporte secundario 18 x 13 cm |
||
| 500 | 0 | 0 | _aFotografía de una estatua de estilo clásico encontrada en Santiponce, Sevilla. |
| 500 | 0 | 0 | _aAl verso, a tinta manuscrita: "Santiponce. Estatua encontrada en un pozo a 8 m. de profundidad, y adquirida por Dª Regla Manjón, viuda de Sánchez Bedoya”. |
| 651 | 7 |
_aSantiponce (Sevilla, España) _911123 |
|
| 655 | 7 |
_aFotografías de obras de arte _975675 |
|
| 852 | _jFot-658 | ||
| 856 |
_uhttps://archivoybiblioteca.realacademiabellasartessanfernando.com/cgi-bin/koha/opac-retrieve-file.pl?id=22e283a1505c122ea2605dd91e3a1c7b _yFot-658 |
||
| 856 |
_uhttps://archivoybiblioteca.realacademiabellasartessanfernando.com/cgi-bin/koha/opac-retrieve-file.pl?id=898e939b0a8d1e84116b918f2a4c7711 _yFot-658bis |
||
| 942 |
_cFOTOGRAFÍA _n0 |
||
| 999 |
_c85814 _d85814 |
||